1461 1580 1092 1791 1629 1216 1284 1289 1026 1502 1934 1160 1601 1958 1134 1550 1311 1194 1177 1659 1819 1988 1145 1817 1557 1101 1217 1927 1031 1601 1765 1762 1280 1478 1943 1263 1012 1864 1528 1329 1999 1574 1693 1033 1385 1890 1786 1225 1609 1523 1841 1312 1036 1010 1856 1649 1771 1069 1724 1187 1738 1258 1730 1589 1186 1889 1898 1880 1376 1499 1230 1084 1370 1465 1256 1202 1731 1517 1944 1799 1218 1157 1889 1049 1929 1495 1696 1160 1733 1158 1279 1983 1821 1470 1607 1896 1956 1941 1091 BCNSPRNW ULIB Ver.6.0+V

เปลี่ยนเป็นภาษาไทย

Change to English
 แสดงรายละเอียดบรรณานุกรม
  กลับหน้าหลัก

Brief Record : Get Marc (ISO 2709) : E-mail record : QR code < ปิดหน้าต่าง
LEADER : 00000nam 2200000uu 4500
001    13399121952
003     ULIB
008    121214s||||||||th 000 0 tha d
020    ^a9744432071
020    ^a9789744432070
060 04 ^aWM55^bด218ท 2549
100 0  ^aดวงมณี จงรักษ์
245 10 ^aทฤษฎีการให้การปรึกษาและจิตบำบัดเบื้องต้น /^cโดย ดวงมณีจงรักษ์
250    ^aพิมพ์ครั้งที่ 1
260    ^aกรุงเทพฯ :^bสำนักพิมพ์ ส.ส.ท.,^c2549
300    ^a346 หน้า :^bภาพประกอบ ;^c27 ซม.
650  7 ^aการปรึกษา
650  7 ^aจิตบำบัด
945    ^p290^l0^i24727
999    ^aทศพร เกษรทอง
รายการนี้ยังไม่มีแท็ก
คุณยังไม่ได้ล็อกอิน คุณสามารถมีกิจกรรมร่วมกับเว็บไซต์ได้ แต่ต้องล็อกอินก่อน ::
  ล็อกอิน

รายการสื่อสารสนเทศ

ลำดับที่ ประเภท เลขเรียก/บาร์โค้ด สถานที่ สถานะ
1. วิทยาศาสตร์การแพทย์ และสุขภาพ
วิทยาศาสตร์การแพทย์ และสุขภาพ
WM55 ด218ท 2549 ฉ.1 
  Barcode: 24727
ห้องสมุดวิทยาเขตสวรรค์ประชารักษ์
►หนังสือทั่วไป
บนชั้น

รายการใกล้เคียง
    หัวเรื่อง [การปรึกษา]
    หัวเรื่อง [จิตบำบัด]

BibComment


ยังไม่เคยถูกคอมเมนท์

คอมเมนท์ทรัพยากรรายการนี้
  คอมเมนท์: ทฤษฎีการให้การปร..


 Copyright 2026. Bcnsprnw @Library